[Event "XVIII Open Nicolo' La Rosa"]
[Site "Mazara del Vallo ITA"]
[Date "2010.08.22"]
[Round "8"]
[White "Piazza, Francesco"]
[Black "Guarino, Giuseppe"]
[Result "1-0"]
[WhiteElo "1392"]
[BlackElo "1515"]
[PlyCount "88"]
[EventDate "2010.08.18"]

1. d4 Nf6 2. Nf3 e6 3. e3 d5 4. Bd3 c5 5. c3 Nc6 6. Nbd2 cxd4 7. cxd4 Bd6 8.
Qe2 O-O 9. e4 dxe4 10. Nxe4 Bb4+ 11. Bd2 Nxd4 12. Nxd4 Bxd2+ 13. Qxd2 Qxd4 14.
Nxf6+ Qxf6 15. O-O b6 16. Rad1 Bb7 17. Rfe1 Rac8 18. Rc1 Kh8 19. b3 Qd4 20.
Rcd1 Qg4 21. Bf1 h5 22. Re3 Rcd8 23. Qxd8 Rxd8 24. Rxd8+ Kh7 25. Rd7 Bd5 26.
Rxf7 a5 27. Rg3 Qd4 28. Rfxg7+ Qxg7 29. Rxg7+ Kxg7 30. f4 a4 31. Bc4 Kf6 32.
Kf2 axb3 33. axb3 Be4 34. g3 e5 35. Ke3 Kf5 36. Be6+ Kxe6 37. Kxe4 exf4 38.
gxf4 h4 39. h3 b5 40. b4 Kf6 41. f5 Ke7 42. Ke5 Kf7 43. f6 Ke8 44. Ke6 Kf8 1-0

[Event "XVIII Open Nicolo' La Rosa"]
[Site "Mazara del Vallo ITA"]
[Date "2010.08.22"]
[Round "8"]
[White "Roberti, Ignazio"]
[Black "Castelli, Giovanni J."]
[Result "1/2-1/2"]
[WhiteElo "1933"]
[BlackElo "1792"]
[PlyCount "54"]
[EventDate "2010.08.18"]

1. d4 Nf6 2. Nf3 g6 3. g3 Bg7 4. Bg2 O-O 5. Bg5 Ne4 6. Bf4 d5 7. Nbd2 Nxd2 8.
Qxd2 c6 9. Bh6 Qb6 10. O-O-O Nd7 11. h4 Nf6 12. h5 Ng4 13. hxg6 Bxh6 14. Rxh6
fxg6 15. Rdh1 Rf7 16. Nh4 Nxh6 17. Qxh6 Qxd4 18. Nf3 Qg7 19. Qe3 Rf6 20. Ng5 h6
21. Nf3 g5 22. Nd4 Bf5 23. Nxf5 Rxf5 24. Qe6+ Rf7 25. Rxh6 Kf8 26. Qh3 Kg8 27.
Qe6 Kf8 1/2-1/2

[Event "XVIII Open Nicolo' La Rosa"]
[Site "Mazara del Vallo ITA"]
[Date "2010.08.22"]
[Round "8"]
[White "Savalla, Pietro"]
[Black "Campo, Renato"]
[Result "0-1"]
[WhiteElo "1583"]
[BlackElo "2002"]
[PlyCount "88"]
[EventDate "2010.08.18"]

1. e4 c5 2. Nf3 g6 3. d4 cxd4 4. Qxd4 Nf6 5. Nc3 Nc6 6. Qa4 d6 7. h3 Bd7 8. Be2
Bg7 9. Be3 O-O 10. Qc4 Rc8 11. Qd3 Nb4 12. Qd2 Nxe4 13. Nxe4 Nxc2+ 14. Kf1 Nxa1
15. Bd3 Qc7 16. Ne1 a6 17. Bb1 Ba4 18. b3 Bxb3 19. axb3 Nxb3 20. Qd3 Nc5 21.
Nxc5 dxc5 22. Nf3 Rfd8 23. Qc2 b5 24. Ke2 c4 25. Rc1 a5 26. Ba2 Qc6 27. Bd2 Qa6
28. Be3 Rd7 29. Rd1 Rcd8 30. Rxd7 Rxd7 31. Ne1 Qd6 32. Qd2 Qc7 33. Qc2 f5 34.
g3 e5 35. f4 e4 36. Qb1 Qc6 37. Qc2 Bf6 38. h4 Kg7 39. Qc1 c3 40. Qc2 a4 41.
Qb1 Rb7 42. Nc2 b4 43. Nd4 Qa6+ 44. Kf2 b3 0-1

[Event "XVIII Open Nicolo' La Rosa"]
[Site "Mazara del Vallo ITA"]
[Date "2010.08.22"]
[Round "8"]
[White "Scali, Fausto"]
[Black "Lo Piccolo, Antonino"]
[Result "1-0"]
[WhiteElo "1971"]
[BlackElo "1879"]
[PlyCount "47"]
[EventDate "2010.08.18"]

1. e4 e5 2. Nf3 Nc6 3. Nc3 Nf6 4. d4 exd4 5. Nxd4 Bb4 6. Nxc6 bxc6 7. Bd3 d5 8.
exd5 cxd5 9. O-O O-O 10. Bg5 c6 11. h3 Re8 12. Qf3 Be7 13. Rfe1 Be6 14. Ne2 Rb8
15. Nd4 Bd7 16. Rab1 c5 17. Nf5 Bxf5 18. Qxf5 Qc8 19. Qxc8 Rbxc8 20. Bb5 Ne4
21. Bxe8 Bxg5 22. Bd7 Rd8 23. Bc6 Rd6 24. Bxd5 1-0

[Event "XVIII Open Nicolo' La Rosa"]
[Site "Mazara del Vallo ITA"]
[Date "2010.08.22"]
[Round "8"]
[White "Speciale, Francesco"]
[Black "Puleo, Diego"]
[Result "0-1"]
[WhiteElo "1893"]
[BlackElo "1938"]
[PlyCount "186"]
[EventDate "2010.08.18"]

1. d4 Nf6 2. Nc3 d5 3. g3 Bf5 4. Bg2 c6 5. Nf3 e6 6. O-O Bd6 7. Nh4 Nbd7 8.
Nxf5 exf5 9. Qd3 g6 10. f3 O-O 11. e4 fxe4 12. fxe4 dxe4 13. Bxe4 Qc7 14. Bg5
Nh5 15. Bf3 Ng7 16. Ne4 Ne6 17. Bh6 Rfe8 18. c3 Be7 19. Bg2 f5 20. Nd2 Rad8 21.
Qc4 Bd6 22. Rae1 Nb6 23. Qb3 Qf7 24. Nf3 c5 25. dxc5 Nxc5 26. Qxf7+ Kxf7 27.
Ng5+ Kg8 28. Rd1 Nd3 29. b4 Be5 30. Rf3 Nb2 31. Rxd8 Rxd8 32. Ne6 Rd1+ 33. Kf2
N6a4 34. g4 Bxc3 35. gxf5 Be1+ 36. Ke2 Nc3+ 37. Rxc3 Bxc3 38. fxg6 hxg6 39.
Bxb7 Re1+ 40. Kf3 Rxe6 41. Bd5 Kf7 42. b5 Bd4 43. Bf4 Kf6 44. Bxe6 Kxe6 45. Ke4
Bb6 46. h3 Na4 47. Bd2 Nc5+ 48. Kf4 Kd5 49. a4 Bc7+ 50. Kg4 Kc4 51. Be3 Bb8 52.
Kg5 Nxa4 53. Kxg6 Kxb5 54. Bxa7 Bxa7 55. h4 Bd4 56. h5 Nb6 57. h6 Nd7 58. Kf7
Kc6 59. h7 Ne5+ 60. Kg7 Ng4+ 61. Kf7 Kd7 62. Kg8 Nh6+ 63. Kf8 Ke6 64. Ke8 Bh8
65. Kd8 Kf7 66. Kd7 Kg6 67. Ke6 Kxh7 68. Ke7 Bd4 69. Ke6 Kg6 70. Kd5 Bg1 71.
Ke4 Kg5 72. Ke5 Nf7+ 73. Ke6 Kg6 74. Kd5 Kf5 75. Kc6 Ke5 76. Kd7 Kd5 77. Ke7
Ne5 78. Kf6 Be3 79. Kf5 Nc4 80. Kg6 Ke5 81. Kf7 Bg5 82. Kg6 Bf6 83. Kh5 Kf5 84.
Kh6 Nd6 85. Kh5 Ne8 86. Kh6 Bg5+ 87. Kh7 Kf6 88. Kg8 Bh6 89. Kh7 Bf8 90. Kg8
Ke7 91. Kh7 Kf7 92. Kh8 Bg7+ 93. Kh7 Nf6# 0-1

[Event "XVIII Open Nicolo' La Rosa"]
[Site "Mazara del Vallo ITA"]
[Date "2010.08.22"]
[Round "9"]
[White "Bifulco, Michel"]
[Black "Roberti, Ignazio"]
[Result "1-0"]
[WhiteElo "1952"]
[BlackElo "1933"]
[PlyCount "175"]
[EventDate "2010.08.18"]

1. d4 d5 2. c4 e6 3. Nc3 Nf6 4. Bg5 Be7 5. e3 h6 6. Bh4 b6 7. cxd5 exd5 8. Bd3
O-O 9. Nf3 Nbd7 10. O-O Bb7 11. Rc1 Ne4 12. Bxe7 Qxe7 13. Qe2 a5 14. Rc2 c5 15.
Rfc1 Rfc8 16. b3 Nf8 17. Nd2 f5 18. Na4 Nd7 19. Bb5 Bc6 20. Nxe4 Qxe4 21. dxc5
Qb4 22. Bxc6 Rxc6 23. Nxb6 Nxb6 24. cxb6 Rxb6 25. Qd3 Qe4 26. Qxe4 dxe4 27. g3
Kh7 28. Rc5 Kg6 29. Rc6+ Rxc6 30. Rxc6+ Kg5 31. Rc4 Rd8 32. Rc5 Ra8 33. a4 g6
34. h3 h5 35. Kf1 Kf6 36. Rb5 Ra6 37. Ke2 g5 38. Kd2 Ke6 39. Kc3 Rc6+ 40. Kd2
Rd6+ 41. Ke2 Rd3 42. Rxa5 Rxb3 43. Ra6+ Ke5 44. Ra8 Rb2+ 45. Kf1 Kf6 46. a5 Ra2
47. a6 Kf7 48. a7 Kg7 49. Ke1 Kh7 50. Kd1 Kg7 51. Kc1 Kh7 52. Kb1 Ra6 53. Kb2
Rb6+ 54. Kc3 Ra6 55. Kd4 Kg7 56. Ke5 Ra5+ 57. Ke6 h4 58. gxh4 gxh4 59. Kd6 Kh7
60. Kc6 Ra2 61. Kd5 Ra5+ 62. Kd6 Kg7 63. Ke6 Kh7 64. Kf6 Ra2 65. Kg5 Kg7 66.
Kxh4 Ra6 67. Kg3 Ra2 68. h4 Kh7 69. h5 Kg7 70. h6+ Kh7 71. Kh4 Ra6 72. Kg5 Ra5
73. Kf4 Ra2 74. Kxf5 Rxf2+ 75. Kxe4 Ra2 76. Kf4 Rf2+ 77. Ke5 Ra2 78. e4 Ra5+
79. Kf6 Ra6+ 80. Kf7 Ra1 81. e5 Rf1+ 82. Ke7 Ra1 83. e6 Ra6 84. Kf8 Kxh6 85. e7
Rf6+ 86. Ke8 Ra6 87. Kd7 Ra1 88. e8=Q 1-0

[Event "XVIII Open Nicolo' La Rosa"]
[Site "Mazara del Vallo ITA"]
[Date "2010.08.22"]
[Round "9"]
[White "Campo, Renato"]
[Black "Scali, Fausto"]
[Result "1/2-1/2"]
[WhiteElo "2002"]
[BlackElo "1971"]
[PlyCount "87"]
[EventDate "2010.08.18"]

1. e4 c5 2. Na3 a6 3. f4 d5 4. e5 Bf5 5. Nf3 e6 6. c3 d4 7. d3 Be7 8. Be2 Nh6
9. O-O O-O 10. Nc2 Nc6 11. c4 f6 12. exf6 Bxf6 13. Ng5 e5 14. Bf3 exf4 15. Ne4
Bxe4 16. Bxe4 Be5 17. Qh5 Qe8 18. Qh3 Qc8 19. Qf3 Rf6 20. Bd5+ Kh8 21. Qe4 Qf5
22. Qxf5 Rxf5 23. Bd2 Rd8 24. Rae1 Ng4 25. Bxc6 bxc6 26. Bxf4 Rdf8 27. Bxe5
Nxe5 28. Rxf5 Rxf5 29. b4 Kg8 30. bxc5 Nxd3 31. Nxd4 Rxc5 32. Re3 Nb2 33. Re8+
Kf7 34. Rf8+ Kxf8 35. Ne6+ Ke7 36. Nxc5 Nxc4 37. Nxa6 Na3 38. Kf2 Kd6 39. Ke2
c5 40. Kd3 Kc6 41. Kc3 Kb6 42. Nb8 Kc7 43. Na6+ Kb6 44. Nb8 1/2-1/2

[Event "XVIII Open Nicolo' La Rosa"]
[Site "Mazara del Vallo ITA"]
[Date "2010.08.22"]
[Round "9"]
[White "Cassia, Giuseppe"]
[Black "Pandolfo, Sergio"]
[Result "1-0"]
[WhiteElo "1586"]
[BlackElo "1649"]
[PlyCount "93"]
[EventDate "2010.08.18"]

1. c4 c6 2. Nc3 d5 3. cxd5 cxd5 4. d4 Nf6 5. Nf3 Nc6 6. Bf4 Ne4 7. e3 Qa5 8.
Nd2 Nxc3 9. bxc3 Qxc3 10. Bb5 Bd7 11. Rc1 Qa3 12. Rc2 e6 13. O-O a6 14. Bxc6
Bxc6 15. Qg4 Qd3 16. Rfc1 Qg6 17. Qd1 Ba3 18. Rxc6 bxc6 19. Qa4 O-O 20. Qxa3
Rfc8 21. Bd6 Qf6 22. Nf3 Qd8 23. Rb1 Ra7 24. h3 h6 25. Bc5 Raa8 26. Rb7 Rc7 27.
Bb6 Rxb7 28. Bxd8 Rb1+ 29. Kh2 Rxd8 30. Qxa6 Rb2 31. Kg3 Rc2 32. Ne5 Rb8 33.
Qa7 Rbb2 34. Qxf7+ Kh7 35. h4 Rb8 36. Qg6+ Kg8 37. Qxc2 Rf8 38. Nxc6 Rf6 39.
Ne7+ Kf8 40. Qc5 Kf7 41. h5 Ke8 42. Ng6 Kd8 43. Qd6+ Kc8 44. Ne7+ Kb7 45. Qc6+
Kb8 46. Qb6+ Ka8 47. Nc6 1-0

[Event "XVIII Open Nicolo' La Rosa"]
[Site "Mazara del Vallo ITA"]
[Date "2010.08.22"]
[Round "9"]
[White "Castelli, Giovanni J."]
[Black "D'Amico, Filippo"]
[Result "0-1"]
[WhiteElo "1792"]
[BlackElo "1482"]
[PlyCount "84"]
[EventDate "2010.08.18"]

1. e4 e6 2. d4 d5 3. Nd2 dxe4 4. Nxe4 Nf6 5. Nxf6+ Qxf6 6. Nf3 h6 7. Bd3 Bd6 8.
Qe2 Nd7 9. c4 Bb4+ 10. Bd2 Bxd2+ 11. Qxd2 O-O 12. O-O-O c5 13. d5 exd5 14. cxd5
Nb6 15. Be2 Rd8 16. d6 Be6 17. Kb1 Nc8 18. Qe3 b6 19. Ne5 Nxd6 20. g4 Re8 21.
Rxd6 Bxa2+ 22. Kxa2 Qxd6 23. f4 Qd5+ 24. Bc4 Qxh1 25. Bxf7+ Kf8 26. Bxe8 Qd5+
27. Ka1 Kxe8 28. Ng6+ Kf7 29. Ne5+ Kg8 30. Ng6 Qd1+ 31. Ka2 Qxg4 32. Qe4 Rd8
33. Qc4+ Kh7 34. Ne7 Qd1 35. Qe4+ Kh8 36. Ng6+ Kg8 37. Qe6+ Kh7 38. Qe4 Qd5+
39. Qxd5 Rxd5 40. Ne7 Rh5 41. Nc6 Rxh2 42. Nxa7 Re2 0-1

[Event "XVIII Open Nicolo' La Rosa"]
[Site "Mazara del Vallo ITA"]
[Date "2010.08.22"]
[Round "9"]
[White "Cerami, Giuseppe"]
[Black "Cangemi, Felice"]
[Result "1-0"]
[WhiteElo "1631"]
[BlackElo "1463"]
[PlyCount "43"]
[EventDate "2010.08.18"]

1. b4 d5 2. Bb2 Nf6 3. e3 c6 4. c4 dxc4 5. Bxc4 e6 6. a3 Be7 7. Nf3 O-O 8. O-O
Bd7 9. d4 Qc7 10. Nbd2 b5 11. Bd3 Bd6 12. h3 Na6 13. Rc1 Qb8 14. Ne4 Be7 15.
Ne5 Qd8 16. Nxc6 Bxc6 17. Rxc6 Nc7 18. Qc2 Rc8 19. Nxf6+ Bxf6 20. Bxh7+ Kh8 21.
Bd3 Qe7 22. Rc1 1-0

[Event "XVIII Open Nicolo' La Rosa"]
[Site "Mazara del Vallo ITA"]
[Date "2010.08.22"]
[Round "9"]
[White "Ferrante, Filippo"]
[Black "Speciale, Francesco"]
[Result "0-1"]
[WhiteElo "1619"]
[BlackElo "1893"]
[PlyCount "119"]
[EventDate "2010.08.18"]

1. Nf3 Nf6 2. g3 c6 3. Bg2 d5 4. O-O Nbd7 5. d3 e5 6. e3 Bd6 7. Nbd2 Nb6 8. b3
Bg4 9. e4 Qd7 10. Re1 O-O 11. Nf1 d4 12. Bg5 Ne8 13. Qc1 f6 14. Bd2 Nc7 15. a4
Rae8 16. h4 Nc8 17. N3h2 Be6 18. Re2 f5 19. exf5 Bxf5 20. Be4 Bxe4 21. Rxe4 Qf7
22. Qe1 Nd5 23. Ng4 Nf6 24. Nxf6+ Qxf6 25. Bg5 Qg6 26. Nh2 Nb6 27. Bd2 Nd5 28.
Rg4 Qe6 29. Re4 Nf6 30. Re2 Qd5 31. Bg5 Nd7 32. Bd2 Re6 33. Bb4 c5 34. Ba3 Rg6
35. Qd2 Nf6 36. Rf1 e4 37. dxe4 Nxe4 38. Qd3 Nxg3 39. fxg3 Rxg3+ 40. Qxg3 Bxg3
41. Rxf8+ Kxf8 42. Nf1 Bxh4 43. Rg2 Bf6 44. Bc1 d3 45. cxd3 Qxb3 46. Be3 b6 47.
a5 Qxd3 48. Rd2 Qe4 49. Rf2 Kg8 50. axb6 axb6 51. Re2 Bd4 52. Kf2 Bxe3+ 53.
Rxe3 Qf5+ 54. Ke1 b5 55. Re8+ Kf7 56. Re2 Qb1+ 57. Kf2 b4 58. Nd2 Qf5+ 59. Ke1
Qd3 60. Rf2+ 0-1

[Event "XVIII Open Nicolo' La Rosa"]
[Site "Mazara del Vallo ITA"]
[Date "2010.08.22"]
[Round "9"]
[White "Isonzo, David"]
[Black "Puleo, Diego"]
[Result "1-0"]
[WhiteElo "2357"]
[BlackElo "1938"]
[PlyCount "47"]
[EventDate "2010.08.18"]

1. e4 d5 2. exd5 Nf6 3. d4 Bg4 4. Nf3 Qxd5 5. Be2 e6 6. h3 Bh5 7. O-O c6 8. c4
Qa5 9. Nc3 Bd6 10. Bd2 Qc7 11. d5 exd5 12. cxd5 Nxd5 13. Nxd5 cxd5 14. Nd4 Bxe2
15. Qxe2+ Qe7 16. Qb5+ Qd7 17. Rfe1+ Kd8 18. Rac1 Re8 19. Ba5+ b6 20. Bxb6+
axb6 21. Qxb6+ Bc7 22. Rxe8+ Kxe8 23. Rxc7 Qd8 24. Qb7 1-0

[Event "XVIII Open Nicolo' La Rosa"]
[Site "Mazara del Vallo ITA"]
[Date "2010.08.22"]
[Round "9"]
[White "La Bella, Massimiliano"]
[Black "Messina, Damiano"]
[Result "1/2-1/2"]
[WhiteElo "1996"]
[BlackElo "2001"]
[PlyCount "65"]
[EventDate "2010.08.18"]

1. b3 Nf6 2. Bb2 d5 3. e3 Bf5 4. Nf3 e6 5. c4 Nbd7 6. d4 c6 7. Bd3 Bxd3 8. Qxd3
Bb4+ 9. Nc3 Ne4 10. O-O Bxc3 11. Bxc3 Nxc3 12. Qxc3 O-O 13. Rfc1 f6 14. b4 e5
15. a4 e4 16. Nd2 f5 17. b5 Rf6 18. bxc6 bxc6 19. Rcb1 Rg6 20. Rb7 Qg5 21. g3
Nf6 22. Rab1 h5 23. Rb8+ Rxb8 24. Rxb8+ Kh7 25. Kf1 Qg4 26. Qc1 h4 27. Ke1 hxg3
28. fxg3 Rh6 29. Qd1 Qg5 30. Qe2 Ng4 31. h4 Qxe3 32. Qxe3 Nxe3 33. Ke2 1/2-1/2

[Event "XVIII Open Nicolo' La Rosa"]
[Site "Mazara del Vallo ITA"]
[Date "2010.08.22"]
[Round "9"]
[White "Ljubisavljevic, Zivojin Z."]
[Black "La Bella, Roberto"]
[Result "1-0"]
[WhiteElo "2271"]
[BlackElo "2098"]
[PlyCount "115"]
[EventDate "2010.08.18"]

1. g3 e5 2. Bg2 d5 3. d3 c6 4. Nf3 Bd6 5. O-O Nf6 6. c4 O-O 7. cxd5 cxd5 8. Bg5
Nbd7 9. Nc3 Qa5 10. a3 h6 11. b4 Qb6 12. Bd2 Re8 13. Nh4 e4 14. dxe4 dxe4 15.
Be3 Qa6 16. b5 Qa5 17. Qxd6 Qxc3 18. Nf5 Re6 19. Rac1 Qb2 20. Qb4 Qe5 21. Bh3
Nd5 22. Qd2 Nxe3 23. fxe3 Nb6 24. Qb4 Nd5 25. Qb3 Re8 26. Rc5 Be6 27. Nd4 Bxh3
28. Rxd5 Qc7 29. Rd1 Rad8 30. a4 Rxd5 31. Qxd5 Re5 32. Qb3 Rc5 33. Qb1 Qe7 34.
Rc1 f5 35. Rxc5 Qxc5 36. Kf2 Kh7 37. Ne6 Qc4 38. Nf4 Bg4 39. Qd1 Qf7 40. h3 g5
41. hxg4 gxf4 42. exf4 fxg4 43. Qd4 b6 44. Qxe4+ Kg7 45. Qe5+ Kg6 46. Qd5 Kg7
47. Qd4+ Kh7 48. Ke3 h5 49. Qe5 Qb3+ 50. Kf2 Qf7 51. Qg5 Kh8 52. Qe5+ Kh7 53.
f5 Qf8 54. Ke3 Qh6+ 55. Ke4 Qd2 56. Qc7+ Kh6 57. Qf4+ Qxf4+ 58. Kxf4 1-0

[Event "XVIII Open Nicolo' La Rosa"]
[Site "Mazara del Vallo ITA"]
[Date "2010.08.22"]
[Round "9"]
[White "Lo Piccolo, Antonino"]
[Black "Savalla, Pietro"]
[Result "1/2-1/2"]
[WhiteElo "1879"]
[BlackElo "1583"]
[PlyCount "47"]
[EventDate "2010.08.18"]

1. d4 Nf6 2. c4 c5 3. d5 e6 4. Nc3 exd5 5. cxd5 d6 6. e4 g6 7. Nf3 Bg7 8. Be2
O-O 9. O-O Re8 10. Nd2 a6 11. a4 Nbd7 12. f4 Qc7 13. Bf3 Rb8 14. a5 b5 15. axb6
Nxb6 16. Re1 Nfd7 17. Ndb1 c4 18. Be3 Nc5 19. Re2 Bb7 20. Ra3 Rbc8 21. Bd4 Nd3
22. Be3 Nc5 23. Bd4 Nd3 24. Be3 1/2-1/2

[Event "XVIII Open Nicolo' La Rosa"]
[Site "Mazara del Vallo ITA"]
[Date "2010.08.22"]
[Round "9"]
[White "Nocera, Alice"]
[Black "Savalla, Gianluca"]
[Result "0-1"]
[WhiteElo "1389"]
[BlackElo "1362"]
[PlyCount "94"]
[EventDate "2010.08.18"]

1. d4 Nf6 2. Nc3 d5 3. Nf3 Nc6 4. Bg5 Bg4 5. e3 e6 6. Bb5 Be7 7. h3 Bh5 8. g4
Bg6 9. Ne5 Qd6 10. f4 Be4 11. Rh2 a6 12. Ba4 b5 13. Bb3 Nd7 14. Bxe7 Nxe7 15.
a3 Nxe5 16. fxe5 Qd7 17. Qd2 Ng6 18. Ne2 Nh4 19. Ng1 a5 20. O-O-O Qe7 21. Rf1
b4 22. a4 c5 23. c3 c4 24. Bc2 Bxc2 25. Qxc2 bxc3 26. Qxc3 Qb4 27. Qxb4 axb4
28. Rhf2 Rf8 29. Nf3 Nxf3 30. Rxf3 Rxa4 31. e4 dxe4 32. Re3 Ra1+ 33. Kc2 Rxf1
34. b3 Rf2+ 35. Kd1 cxb3 36. Rxb3 Kd7 37. Rxb4 Ra8 38. Rb7+ Kc8 39. Rb1 Rf1+
40. Kc2 Ra2+ 41. Rb2 Rf2+ 42. Kc3 Rfxb2 43. h4 Rc2+ 44. Kb3 Rab2+ 45. Ka3 Rb7
46. g5 Rc6 47. d5 Ra6# 0-1

[Event "XVIII Open Nicolo' La Rosa"]
[Site "Mazara del Vallo ITA"]
[Date "2010.08.22"]
[Round "9"]
[White "Piazza, Dario"]
[Black "Piazza, Francesco"]
[Result "1-0"]
[WhiteElo "1662"]
[BlackElo "1392"]
[PlyCount "116"]
[EventDate "2010.08.18"]

1. e4 e5 2. Nf3 d6 3. d4 f6 4. Bc4 Ne7 5. Nc3 f5 6. exf5 d5 7. Bb3 e4 8. Ne5
Bxf5 9. Bg5 Be6 10. Bxe7 Bxe7 11. Qh5+ g6 12. Nxg6 Bf7 13. Qe5 Rg8 14. Nxe7
Qxe7 15. Qxe7+ Kxe7 16. Nxd5+ Kd8 17. Ne3 Bxb3 18. axb3 Nd7 19. Ra5 b6 20. Rh5
Nf6 21. Rf5 Nd7 22. Rf7 h5 23. g3 Rc8 24. Nd5 Re8 25. Rxd7+ Kxd7 26. Nf6+ Ke7
27. Nxe8 Rxe8 28. Ke2 Rf8 29. Ke3 Kd6 30. Rf1 Re8 31. c4 c5 32. dxc5+ Kxc5 33.
Rc1 Kb4 34. Rc3 a5 35. Kd4 Rf8 36. Ke3 Rf3+ 37. Kxe4 Rxc3 38. bxc3+ Kxb3 39. f4
a4 40. f5 a3 41. f6 a2 42. f7 a1=Q 43. f8=Q Qe1+ 44. Kd5 Qxc3 45. Qf4 Qd3+ 46.
Qd4 Qf5+ 47. Kc6 Qe6+ 48. Kb5 Qf5+ 49. Kxb6 Qe6+ 50. Kc5 Qf5+ 51. Qd5 Qf2+ 52.
Kc6 Qf6+ 53. Kb5 Qf5 54. Qxf5 Kc3 55. Qf3+ Kd4 56. Qf4+ Kd3 57. Kb4 h4 58. Qxh4
Kc2 1-0

[Event "C.to Mondiale IBCA"]
[Site "Belgrado SRB"]
[Date "2010.08.26"]
[Round "1"]
[White "Cabarkapa, Milenko"]
[Black "Fratini, Mauro"]
[Result "1-0"]
[WhiteElo "2206"]
[BlackElo "1854"]
[PlyCount "109"]
[EventDate "2010.08.26"]

1. Nf3 d5 2. d4 Nf6 3. c4 e6 4. Nc3 c6 5. e3 Nbd7 6. Bd3 Be7 7. b3 O-O 8. O-O
Re8 9. Bb2 Qc7 10. Rc1 a5 11. Qc2 Nf8 12. Ne5 Bd7 13. f4 c5 14. Kh1 cxd4 15.
exd4 Rec8 16. Qe2 dxc4 17. Bxc4 a4 18. d5 a3 19. Ba1 exd5 20. Bxd5 Be6 21. Bf3
Rab8 22. f5 Bxf5 23. Nd5 Qd8 24. Rcd1 Qe8 25. Nc4 Nxd5 26. Bxd5 Be6 27. Qe5 Bf6
28. Rxf6 Bxd5 29. Qxd5 gxf6 30. Nd6 Qe6 31. Nxc8 Rxc8 32. Qd3 Ng6 33. h3 Re8
34. Rf1 Qe2 35. Qf5 Qe6 36. Qxf6 Qxf6 37. Bxf6 Re2 38. Rd1 Re8 39. Kg1 h5 40.
Rd8 Rxd8 41. Bxd8 Kf8 42. Ba5 Ke8 43. Bb4 Nf4 44. Kf1 Nd5 45. Bxa3 Kd7 46. Bb2
Ne3+ 47. Ke2 Nxg2 48. Kf3 Ne1+ 49. Ke2 Ng2 50. Kf3 Ne1+ 51. Kg3 Nd3 52. Bc3 Nc1
53. Kh4 Nxa2 54. Bd2 b5 55. b4 1-0

[Event "C.to Mondiale IBCA"]
[Site "Belgrado SRB"]
[Date "2010.08.28"]
[Round "3"]
[White "Pohlers, Juergen"]
[Black "Fratini, Mauro"]
[Result "1-0"]
[WhiteElo "2074"]
[BlackElo "1854"]
[PlyCount "77"]
[EventDate "2010.08.26"]

1. d4 g6 2. e4 Bg7 3. Nf3 c5 4. c3 cxd4 5. cxd4 d6 6. Bc4 Nc6 7. O-O Nf6 8. Nc3
O-O 9. d5 Na5 10. Bd3 b6 11. Be3 Bg4 12. h3 Bxf3 13. Qxf3 Nd7 14. Qe2 Ne5 15.
Ba6 Rb8 16. Rac1 f5 17. f4 Nd7 18. b4 Nb7 19. exf5 Rxf5 20. g4 Rf7 21. Nb5 Nf6
22. Nxa7 Nxd5 23. Nc6 Qf8 24. Nxb8 Qxb8 25. Bc4 e6 26. Bxd5 exd5 27. Qc2 d4 28.
Qc8+ Qxc8 29. Rxc8+ Rf8 30. Rxf8+ Kxf8 31. Bd2 Ke7 32. f5 gxf5 33. Rxf5 Be5 34.
Rh5 Nd8 35. Rxh7+ Kf6 36. Kg2 Ne6 37. Kf3 Nf8 38. Rb7 Ng6 39. Rxb6 1-0

[Event "C.to Mondiale IBCA"]
[Site "Belgrado SRB"]
[Date "2010.08.30"]
[Round "5"]
[White "Ilic, Andreas"]
[Black "Fratini, Mauro"]
[Result "0-1"]
[WhiteElo "2064"]
[BlackElo "1854"]
[PlyCount "100"]
[EventDate "2010.08.26"]

1. e4 Nf6 2. Nc3 d5 3. exd5 Nxd5 4. Bc4 Nxc3 5. Qf3 e6 6. Qxc3 Nd7 7. d4 c6 8.
Ne2 Nf6 9. Qf3 Be7 10. O-O b5 11. Bxb5 cxb5 12. Qxa8 a5 13. Bd2 b4 14. a3 O-O
15. axb4 axb4 16. Ra7 Nd5 17. c4 Nb6 18. Qe4 Nxc4 19. Qc2 Nxd2 20. Qxd2 Bd7 21.
Rc1 Bd6 22. Ng3 f5 23. Rca1 Bc6 24. Nh5 Be5 25. Rc1 Bxd4 26. Rxc6 Bxa7 27. Rd6
Qh4 28. Qe2 Bxf2+ 29. Kf1 Bc5 30. Rd1 Bd4 31. g3 Qg4 32. Qxe6+ Kh8 33. Qe2
Qxe2+ 34. Kxe2 Bxb2 35. Nf4 Re8+ 36. Kd3 Kg8 37. Nd5 Re5 38. Kc2 Re2+ 39. Kb3
Rxh2 40. Ne7+ Kf8 41. Kxb4 g6 42. Nc6 Rh3 43. Rd3 Kf7 44. Kc4 Kf6 45. Rb3 Ba1
46. Nb4 Kg5 47. Nd5 Be5 48. Rb1 Bxg3 49. Kd4 Bf2+ 50. Ke5 Rh4 0-1

[Event "C.to Mondiale IBCA"]
[Site "Belgrado SRB"]
[Date "2010.09.01"]
[Round "6"]
[White "Fratini, Mauro"]
[Black "Milosavljevic, Ivan"]
[Result "0-1"]
[WhiteElo "1854"]
[BlackElo "2030"]
[PlyCount "76"]
[EventDate "2010.08.26"]

1. d4 g6 2. Nf3 Bg7 3. Bf4 d6 4. h3 Nf6 5. e3 O-O 6. Be2 Bf5 7. O-O Nc6 8. a3
Ne4 9. Nh4 Bd7 10. Nf3 e5 11. Bh2 Ng5 12. d5 Nxf3+ 13. Bxf3 Ne7 14. c4 b5 15.
c5 Nf5 16. c6 Bc8 17. Nd2 Nh4 18. Bg3 Nxf3+ 19. Nxf3 f5 20. Qb3 Rb8 21. a4 b4
22. a5 Ba6 23. Rfe1 g5 24. Ra4 h5 25. Rxb4 Rxb4 26. Qxb4 Qf6 27. Nd2 h4 28. Bh2
g4 29. Nc4 gxh3 30. gxh3 Qg6+ 31. Kh1 f4 32. exf4 exf4 33. Nd2 Qf5 34. Nf3 Qxd5
35. Qe4 Bc4 36. Ng5 Re8 37. Qxd5+ Bxd5+ 38. Ne4 Rxe4 0-1

[Event "C.to Mondiale IBCA"]
[Site "Belgrado SRB"]
[Date "2010.09.02"]
[Round "7"]
[White "Ivanovic, Milan"]
[Black "Fratini, Mauro"]
[Result "1-0"]
[WhiteElo "2039"]
[BlackElo "1854"]
[PlyCount "58"]
[EventDate "2010.08.26"]

1. e4 Nf6 2. Nc3 d5 3. e5 d4 4. exf6 dxc3 5. fxg7 cxd2+ 6. Qxd2 Qxd2+ 7. Bxd2
Bxg7 8. O-O-O Be6 9. Ne2 Nc6 10. Bc3 Bxc3 11. Nxc3 a6 12. b3 b5 13. Be2 Ne5 14.
Nd5 Rc8 15. h3 c5 16. f4 Nc6 17. Bg4 Nd4 18. Rhe1 Kf8 19. c3 Bxg4 20. hxg4 Nc6
21. Nb6 Kg7 22. Nxc8 Rxc8 23. Rd5 Nd8 24. Rxe7 b4 25. c4 Nc6 26. Rb7 Nd4 27.
Rdd7 Ne2+ 28. Kd2 Nc3 29. Rxf7+ Kg8 1-0

[Event "C.to Mondiale IBCA"]
[Site "Belgrado SRB"]
[Date "2010.09.03"]
[Round "8"]
[White "Fratini, Mauro"]
[Black "Petrovic, Vladan"]
[Result "0-1"]
[WhiteElo "1854"]
[BlackElo "2049"]
[PlyCount "120"]
[EventDate "2010.08.26"]

1. d4 d5 2. Bf4 Nf6 3. e3 c6 4. c4 Bf5 5. Qb3 Qb6 6. c5 Qxb3 7. axb3 Nbd7 8.
Nf3 h6 9. h3 g5 10. Bh2 Bg7 11. Nc3 O-O 12. b4 Ne4 13. Be2 a6 14. O-O Rfe8 15.
Ra3 e5 16. dxe5 Nxe5 17. Nxe5 Bxe5 18. Bxe5 Rxe5 19. b5 Nxc3 20. bxc3 cxb5 21.
Bxb5 Rc8 22. Be2 Rxc5 23. Rb3 Re7 24. Bf3 Rec7 25. Rc1 Be6 26. Ra3 Bf5 27. Be2
Bc8 28. Kf1 b5 29. Rb3 Bd7 30. Ke1 Kg7 31. Kd2 Kf6 32. Ra1 Bc8 33. f4 Bb7 34.
Rf1 Kg7 35. fxg5 hxg5 36. Ra1 Re7 37. Rb4 Re4 38. Rbb1 Rc7 39. Bd3 Re5 40. Rf1
Rce7 41. Rfe1 R5e6 42. Bf5 Rf6 43. g4 Rh6 44. Kd3 Rxh3 45. Kd4 Rc7 46. Rh1 Rxh1
47. Rxh1 Bc8 48. Rh7+ Kf6 49. Rh6+ Ke7 50. Bxc8 Rxc8 51. Rxa6 Rc4+ 52. Kxd5
Rxc3 53. e4 b4 54. Ke5 Rc5+ 55. Kd4 Rb5 56. e5 b3 57. Ra7+ Kf8 58. Ra1 b2 59.
Rb1 Ke7 60. Kc3 Ke6 0-1

[Event "XVIII C.to Italiano U20"]
[Site "Bratto - Castione della Presolana ITA"]
[Date "2010.08.20"]
[Round "1"]
[White "Albertini, Luca"]
[Black "Stella, Andrea"]
[Result "1-0"]
[WhiteElo "1946"]
[BlackElo "2310"]
[PlyCount "135"]
[EventDate "2010.08.20"]

1. e4 e6 2. d4 d5 3. e5 c5 4. c3 Nc6 5. Nf3 Nh6 6. a3 Qb6 7. b4 cxd4 8. cxd4
Nf5 9. Bb2 Bd7 10. Be2 Rc8 11. O-O Be7 12. Qd3 Na5 13. Nbd2 Nc4 14. Nxc4 dxc4
15. Qc3 O-O 16. Nd2 Qa6 17. Bf3 Bc6 18. Ne4 Rfd8 19. Rfd1 b6 20. Rac1 Qb7 21.
Qe1 Bd5 22. Bc3 Rc7 23. g4 Nh6 24. h3 Kh8 25. Qe3 Ng8 26. Kg2 f6 27. Nd2 Nh6
28. Bxd5 Qxd5+ 29. Qf3 f5 30. Qxd5 Rxd5 31. Kg3 b5 32. f4 g5 33. Nf1 gxf4+ 34.
Kxf4 Nf7 35. gxf5 exf5 36. Kxf5 Bg5 37. Ke4 Rd8 38. Rb1 Re7 39. Ng3 Nd6+ 40.
Kf3 Rg8 41. d5 Rf7+ 42. Ke2 Bf6 43. exf6 Rxg3 44. Be5 Rg2+ 45. Kf3 Rg6 46. Rg1
Ne8 47. Rxg6 hxg6 48. Kg4 Kh7 49. Kg5 Rd7 50. Rd1 Nd6 51. Kf4 Nf7 52. h4 Kg8
53. Ke4 Nd8 54. Rg1 Kf7 55. Rg3 Nb7 56. Kd4 a6 57. Rh3 Rd8 58. h5 g5 59. h6 Rh8
60. h7 Nd8 61. Kc5 g4 62. Rh1 g3 63. Bxg3 Kg6 64. Be5 Nf7 65. Bc3 Rd8 66. Rg1+
Kh6 67. Rg8 Kxh7 68. Rg7+ 1-0